Urban street terrorism (Registro nro. 315567)

Detalles MARC
000 -ENCABEZADO
Número de control [NR] 00919 a2200265 4500
005 - FECHA Y HORA DE LA ÚLTIMA TRANSACCIÓN
control field 20191015155129.0
008 - DE LONGITUD FIJA DE DATOS DE ELEMENTOS - INFORMACIÓN GENERAL
Elementos de longitud fija [NR] 191015s2016 cau||||| |||| 00| 0 eng d
020 ## - NUMERO INTERNACIONAL NORMALIZADO PARA LIBROS [R]
Número Internacional Normalizado del libro [NR] 9781936986231 (2a.Ed.)
040 ## - FUENTE DE CATALOGACION [NR]
Agencia de catalogación original [NR] CO-BoUCM
Idioma de catalogación [NR] spa
Quien Cataloga Saul Niño
Quien Clasifica Saul Niño
041 0# - CODIGO DE IDIOMA [R]
Código de idioma para texto/pista de sonido o título separado [R] Inglés
100 10 - ASIENTO PRINCIPAL--NOMBRE PERSONAL [NR]
Nombre personal [NR] Valdez, Al
ID Autoridad 98811
245 10 - MENCION DE TITULO [NR]
Título [NR] Urban street terrorism
Parte restante del título [NR] the Mexican Mafia and the Sureños
Mención de responsabilidad, etc. [NR] Al Valdez, Rene Enriquez
250 ## - MENCION DE EDICION [NR]
Mención de edición [NR] Segunda edición
260 ## - PUBLICACION, DISTRIBUCION, ETC. (PIE DE IMPRENTA) [R]
Lugar de publicación, distribución, etc. [R] [Spartanburg]
Nombre del editor, distribuidor, etc. [R] Police and Fire
Fecha de publicación, distribución, etc. [R] 2016
300 ## - DESCRIPCION FISICA [R]
Extensión [R] 257 páginas
650 #7 - ASIENTO SECUNDARIO DE MATERIA - TERMINO TEMATICO [R]
9 (RLIN) 18862
Término temático o nombre geográfico como elemento de entrada [NR] Mafia
Subdivisión geográfica [R] México
650 #7 - ASIENTO SECUNDARIO DE MATERIA - TERMINO TEMATICO [R]
Término temático o nombre geográfico como elemento de entrada [NR] Pandillas
Subdivisión geográfica [R] Estados Unidos
9 (RLIN) 87046
650 #7 - ASIENTO SECUNDARIO DE MATERIA - TERMINO TEMATICO [R]
9 (RLIN) 21034
Término temático o nombre geográfico como elemento de entrada [NR] Pandillas
Subdivisión general [R] Aspectos sociales
650 #7 - ASIENTO SECUNDARIO DE MATERIA - TERMINO TEMATICO [R]
9 (RLIN) 12141
Término temático o nombre geográfico como elemento de entrada [NR] Crimen organizado
650 #7 - ASIENTO SECUNDARIO DE MATERIA - TERMINO TEMATICO [R]
9 (RLIN) 22294
Término temático o nombre geográfico como elemento de entrada [NR] Prisiones
Subdivisión general [R] Crimen
650 #7 - ASIENTO SECUNDARIO DE MATERIA - TERMINO TEMATICO [R]
9 (RLIN) 12152
Término temático o nombre geográfico como elemento de entrada [NR] Criminología
700 10 - ASIENTO SECUNDARIO - NOMBRE PERSONAL [R]
Nombre personal [NR] Enriquez, Rene
9 (RLIN) 98812
942 ## - ELEMENTOS DE ENTRADA AGREGADOS (KOHA)
Tipo de ítem principal el descrito en 300a Libro de reserva
Sistema de clasificación DEWEY
Tema principal Sociología
Edición 2
Clasificación 364.10660973
Parte restante de la signatura top. V145u
Existencias
Signatura topográfica Código de barras Última vez visto Volúmen / Fascículo Ejemplar Costo de reposición Price effective from Tipo de ítem Nota pública (OPAC) Perdido Sistema de clasificación Dañado No prestable Tipo de ítem específico Suprimido Ubicación habitual Ubicación actual Localización Fecha de creación Proveedor Forma de adquisición Costo
364.10660973 V145u 100164461 04/12/2025 2a.Ed. Ej.1 300367.00 08/10/2019 Libro de reserva Spot Criminología e Investigación Criminal   DEWEY     Libro de reserva   Claustro Claustro 3er piso 08/10/2019 19 Compra 300367.00